000 00257nam a2200109Ia 4500
008 190216s9999||||xx |||||||||||||| ||und||
100 _aGopinathan Nair T N
245 0 _aMalayalam-Tharangangal
260 _bNbs Kottayam
650 _aMalayalam
942 _cBK
999 _c24962
_d24962